Private sectors in Higher Education: structure, function, and change in eight countries
Gardado en:
| Autor Principal: | |
|---|---|
| Formato: | Libro |
| Idioma: | inglés |
| Publicado: |
Ann Arbor
The University of Michigan
1986
|
| Subjects: | |
| Tags: |
Engadir etiqueta
Sen Etiquetas, Sexa o primeiro en etiquetar este rexistro!
|
MARC
| LEADER | 00000nam a2200000 a 4500 | ||
|---|---|---|---|
| 001 | UCG6749 | ||
| 003 | CL-VaPUC | ||
| 008 | 110520e19860000us |||||||||||||||||eng|d | ||
| 020 | |a 0472063685 | ||
| 082 | 0 | 4 | |a 378.04 |b GEI |2 21 |
| 100 | |a Geiger, Roger L |e author |9 557107 | ||
| 245 | 1 | 0 | |a Private sectors in Higher Education: structure, function, and change in eight countries |
| 300 | |a 296 p | ||
| 942 | |c BK | ||
| 945 | |d 20110520 00:00:00 |a dcastane | ||
| 260 | |a Ann Arbor |b The University of Michigan |c 1986 | ||
| 650 | 0 | |a Educación superior |9 223851 | |
| 650 | 7 | |a UNIVERSIDADES PRIVADAS |2 CL-VaPUC |9 307918 | |
| 650 | 0 | |a Universidades públicas |9 523597 | |
| 583 | |a last modification |c 20171218 04:32:01 |k Rodrigo Vera | ||
| 999 | |c 344893 |d 344891 | ||
| 952 | |0 0 |1 0 |4 0 |6 378_040000000000000_GEI_1986 |7 0 |8 ED_SUP |9 443242 |a BIBGIM |b BIBGIM |c S_PSTGRDO |d 2019-11-22 |i 4776941 |o 378.04 GEI 1986 |p 4776941 |r 2025-01-15 |w 2019-11-22 |y BK_X |k ESU | ||